[Event "Summer Prague Open 2022 - A"]
[Site "Olympik hotel, Sokolovska 138, Praha"]
[Date "2022.08.11"]
[Round "8"]
[Board "23"]
[White "Brylski, Pawel"]
[Black "Bruchmann, Stephan"]
[Result "1/2-1/2"]
[WhiteElo "1920"]
[BlackElo "2227"]
[PlyCount "0"]
[EventDate "2022.08.05"]
[EventRounds "9"]
[EventCountry "CZE"]

1. e4 {[%clk 1:30:54]} c6 {[%clk 1:30:43]} 2. Nf3 {[%clk 1:31:05]} d5
{[%clk 1:30:42]} 3. exd5 {[%clk 1:31:29]} cxd5 {[%clk 1:31:06]} 4. Ne5
{[%clk 1:31:51]} Nf6 {[%clk 1:29:57]} 5. d4 {[%clk 1:31:41]} g6 {[%clk 1:30:00]}
6. Bb5+ {[%clk 1:22:18]} Bd7 {[%clk 1:30:03]} 7. Nxd7 {[%clk 1:22:21]} Nbxd7
{[%clk 1:30:29]} 8. O-O {[%clk 1:22:31]} Bg7 {[%clk 1:30:56]} 9. c3
{[%clk 1:21:36]} O-O {[%clk 1:31:19]} 10. Re1 {[%clk 1:21:28]} e6
{[%clk 1:31:21]} 11. Nd2 {[%clk 1:19:12]} a6 {[%clk 1:30:30]} 12. Bd3
{[%clk 1:17:27]} b5 {[%clk 1:30:55]} 13. a3 {[%clk 1:14:53]} Qb6 {[%clk 1:22:49]}
14. Qe2 {[%clk 1:02:02]} Ne8 {[%clk 1:22:52]} 15. Nf3 {[%clk 1:00:57]} Nd6
{[%clk 1:22:27]} 16. Bf4 {[%clk 0:56:44]} Nc4 {[%clk 1:21:16]} 17. h4
{[%clk 0:52:57]} Rfc8 {[%clk 1:15:03]} 18. h5 {[%clk 0:51:11]} Ra7
{[%clk 1:15:28]} 19. hxg6 {[%clk 0:49:59]} hxg6 {[%clk 1:15:51]} 20. Qc2
{[%clk 0:45:37]} Nf8 {[%clk 1:08:56]} 21. g3 {[%clk 0:41:29]} Nd6
{[%clk 0:50:55]} 22. Kg2 {[%clk 0:39:49]} Nf5 {[%clk 0:50:25]} 23. Qd2
{[%clk 0:38:21]} Nd7 {[%clk 0:49:49]} 24. g4 {[%clk 0:33:14]} Nd6
{[%clk 0:50:00]}  1/2-1/2

[Event "Summer Prague Open 2022 - A"]
[Site "Olympik hotel, Sokolovska 138, Praha"]
[Date "2022.08.11"]
[Round "8"]
[Board "24"]
[White "Shehzad, Shazil"]
[Black "Reshetniak, Vitaliy"]
[Result "1/2-1/2"]
[WhiteElo "2222"]
[BlackElo "1995"]
[PlyCount "0"]
[EventDate "2022.08.05"]
[EventRounds "9"]
[EventCountry "CZE"]

1. e4 {[%clk 1:30:52]} c5 {[%clk 1:30:50]} 2. Nf3 {[%clk 1:31:16]} e6
{[%clk 1:31:03]} 3. d3 {[%clk 1:31:39]} Nc6 {[%clk 1:31:09]} 4. g3
{[%clk 1:32:05]} d5 {[%clk 1:31:02]} 5. Qe2 {[%clk 1:32:29]} Nf6 {[%clk 1:29:18]}
6. Bg2 {[%clk 1:32:52]} Be7 {[%clk 1:29:29]} 7. O-O {[%clk 1:32:29]} O-O
{[%clk 1:24:29]} 8. e5 {[%clk 1:32:40]} Nd7 {[%clk 1:24:47]} 9. c4
{[%clk 1:33:07]} b5 {[%clk 1:23:01]} 10. cxb5 {[%clk 1:33:20]} Na5
{[%clk 1:23:21]} 11. Qc2 {[%clk 1:33:45]} a6 {[%clk 1:22:21]} 12. a4
{[%clk 1:33:25]} Bb7 {[%clk 1:20:17]} 13. Na3 {[%clk 1:32:10]} Qb6
{[%clk 1:18:36]} 14. Be3 {[%clk 1:31:17]} Qd8 {[%clk 1:06:35]} 15. h4
{[%clk 1:28:56]} Qb8 {[%clk 1:05:30]} 16. Bf4 {[%clk 1:19:22]} Rc8
{[%clk 1:04:29]} 17. b3 {[%clk 1:15:50]} Nb6 {[%clk 0:59:27]} 18. Rfb1
{[%clk 1:07:53]} Nd7 {[%clk 0:56:40]} 19. h5 {[%clk 1:06:33]} h6 {[%clk 0:51:12]}
20. Qe2 {[%clk 1:03:28]} Qc7 {[%clk 0:47:13]} 21. Nh2 {[%clk 0:57:45]} Qd8
{[%clk 0:39:15]} 22. Bd2 {[%clk 0:55:01]} axb5 {[%clk 0:31:51]} 23. axb5
{[%clk 0:51:01]} Qb6 {[%clk 0:29:21]} 24. Ng4 {[%clk 0:49:52]} Bf8
{[%clk 0:25:43]} 25. Qe1 {[%clk 0:48:49]} Ra7 {[%clk 0:25:30]} 26. Nc4
{[%clk 0:44:48]} Nxc4 {[%clk 0:25:16]} 27. bxc4 {[%clk 0:44:35]} dxc4
{[%clk 0:25:39]} 28. dxc4 {[%clk 0:41:44]} Bxg2 {[%clk 0:25:28]} 29. Kxg2
{[%clk 0:41:16]} Qb7+ {[%clk 0:25:49]} 30. f3 {[%clk 0:41:08]} Nb6
{[%clk 0:25:56]} 31. Rxa7 {[%clk 0:40:33]} Qxa7 {[%clk 0:26:24]} 32. Ra1
{[%clk 0:39:42]} Qd7 {[%clk 0:26:36]} 33. Ne3 Qd3 34. Ba5 {[%clk 0:26:25]} Nxc4
{[%clk 0:26:39]} 35. Nxc4 {[%clk 0:26:27]} Qxc4 {[%clk 0:27:04]} 36. b6
{[%clk 0:26:43]} Qa6 {[%clk 0:23:52]} 37. Qe3 {[%clk 0:16:36]} Qb5
{[%clk 0:23:52]} 38. Ra2 c4 {[%clk 0:21:48]} 39. Qc3 {[%clk 0:09:08]} Bc5  1/2-1/2

[Event "Summer Prague Open 2022 - A"]
[Site "Olympik hotel, Sokolovska 138, Praha"]
[Date "2022.08.12"]
[Round "9"]
[Board "1"]
[White "Lutsko, Artem"]
[Black "Zamengo, Fulvio"]
[Result "1-0"]
[WhiteElo "2407"]
[BlackElo "2396"]
[PlyCount "0"]
[EventDate "2022.08.05"]
[EventRounds "9"]
[EventCountry "CZE"]

1. Nf3 {[%clk 1:30:58]} Nf6 {[%clk 1:30:33]} 2. g3 {[%clk 1:31:24]} g6
{[%clk 1:30:30]} 3. b3 {[%clk 1:31:49]} d5 {[%clk 1:29:25]} 4. Bb2
{[%clk 1:31:56]} c5 {[%clk 1:27:51]} 5. Bg2 {[%clk 1:26:06]} Bg7 {[%clk 1:28:13]}
6. O-O {[%clk 1:25:50]} O-O {[%clk 1:28:35]} 7. d3 {[%clk 1:25:59]} Nc6
{[%clk 1:19:54]} 8. Ne5 {[%clk 1:26:13]} Nxe5 {[%clk 1:20:11]} 9. Bxe5
{[%clk 1:26:39]} b6 {[%clk 1:20:30]} 10. c4 {[%clk 1:22:47]} Bb7 {[%clk 1:20:52]}
11. d4 {[%clk 1:16:03]} Qc8 {[%clk 1:13:55]} 12. cxd5 {[%clk 1:12:23]} Nxd5
{[%clk 1:14:10]} 13. Bxg7 {[%clk 1:11:28]} Kxg7 {[%clk 1:14:32]} 14. Qd2
{[%clk 1:11:40]} Rd8 {[%clk 1:12:21]} 15. dxc5 {[%clk 1:12:06]} Nf6
{[%clk 0:54:00]} 16. Bxb7 {[%clk 1:11:22]} Qxb7 {[%clk 0:54:23]} 17. Qe3
{[%clk 1:06:02]} bxc5 {[%clk 0:54:15]} 18. Qxc5 {[%clk 0:59:01]} Rac8
{[%clk 0:48:48]} 19. Qe3 {[%clk 0:57:02]} Qe4 {[%clk 0:33:54]} 20. Qxe4
{[%clk 0:54:05]} Nxe4 {[%clk 0:34:22]} 21. Re1 {[%clk 0:52:02]} a5
{[%clk 0:24:23]} 22. f3 {[%clk 0:50:37]} Nc3 {[%clk 0:24:46]} 23. Kf1
{[%clk 0:49:25]} Nxb1 {[%clk 0:24:45]} 24. Raxb1 {[%clk 0:49:52]} Rc2
{[%clk 0:24:11]} 25. a4 {[%clk 0:49:07]} Rdd2 {[%clk 0:18:26]} 26. Rbd1
{[%clk 0:49:31]} Kf6 {[%clk 0:18:50]} 27. Rxd2 {[%clk 0:49:34]} Rxd2
{[%clk 0:19:13]} 28. Rc1 {[%clk 0:50:03]} Rb2 {[%clk 0:19:24]} 29. Rc6+
{[%clk 0:47:23]} e6 {[%clk 0:19:47]} 30. Rb6 {[%clk 0:47:49]} h5 {[%clk 0:19:22]}
31. h4 {[%clk 0:44:48]} g5 {[%clk 0:12:28]} 32. hxg5+ {[%clk 0:43:55]} Kxg5
{[%clk 0:12:51]} 33. Kf2 {[%clk 0:41:37]} Kf5 {[%clk 0:12:38]} 34. Rb5+
{[%clk 0:37:32]} Kg6 {[%clk 0:13:01]} 35. Ke3 {[%clk 0:35:03]} Kf6
{[%clk 0:10:01]} 36. f4 {[%clk 0:34:53]} Kg6 {[%clk 0:10:13]} 37. Kf3
{[%clk 0:32:24]} Rc2 {[%clk 0:10:13]} 38. Re5 {[%clk 0:31:45]} Rc3+
{[%clk 0:10:10]} 39. Re3 {[%clk 0:32:11]} Rc2 {[%clk 0:10:19]} 40. Ke4
{[%clk 0:32:30]} Rd2 {[%clk 0:10:42]} 41. Kf3 {[%clk 0:32:16]} Rb2
{[%clk 0:09:27]} 42. Rc3 {[%clk 0:32:20]} f6 {[%clk 0:03:26]} 43. e3
{[%clk 0:31:38]} Rb1 {[%clk 0:23:46]} 44. Ke4 {[%clk 0:56:33]} Rb2
{[%clk 0:21:14]} 45. Kf3 {[%clk 0:55:10]} Rb1 {[%clk 0:21:25]} 46. e4
{[%clk 0:52:36]} Rh1 {[%clk 0:14:27]} 47. Rc6 {[%clk 0:48:53]} Rb1
{[%clk 0:13:15]} 48. Rb6 {[%clk 0:49:01]} Rb2 {[%clk 0:10:19]} 49. e5
{[%clk 0:48:12]} fxe5 {[%clk 0:09:22]} 50. Rxe6+ {[%clk 0:48:35]} Kf7
{[%clk 0:09:47]} 51. Rxe5 {[%clk 0:49:02]} Rxb3+ {[%clk 0:10:11]} 52. Kg2
{[%clk 0:48:55]} h4 {[%clk 0:10:35]} 53. gxh4 {[%clk 0:49:10]} Rb4
{[%clk 0:10:58]} 54. Rxa5 {[%clk 0:49:38]} Rxf4 {[%clk 0:11:19]} 55. Kg3
{[%clk 0:50:02]} Rc4 {[%clk 0:11:29]} 56. Rf5+ {[%clk 0:50:22]} Kg6
{[%clk 0:11:28]} 57. Rf4 {[%clk 0:50:49]} Rc1 {[%clk 0:10:52]} 58. Kf3
{[%clk 0:49:45]} Re1 {[%clk 0:10:19]} 59. Kf2 {[%clk 0:48:25]} Re5
{[%clk 0:10:42]} 60. Rb4 {[%clk 0:47:58]} Kh7 {[%clk 0:10:15]} 61. Kf3
{[%clk 0:48:13]} Kh6 {[%clk 0:10:28]} 62. Rb5 {[%clk 0:48:23]} Re1
{[%clk 0:10:47]} 63. a5 {[%clk 0:48:42]} Rf1+ {[%clk 0:10:53]} 64. Ke4
{[%clk 0:48:55]} Rd1 {[%clk 0:11:06]} 65. h5 {[%clk 0:48:39]} Re1+
{[%clk 0:10:31]} 66. Kd4 {[%clk 0:48:59]} Rd1+ {[%clk 0:10:55]} 67. Kc5
{[%clk 0:49:09]} Rf1 {[%clk 0:09:41]} 68. a6 {[%clk 0:49:27]} Rf7
{[%clk 0:09:30]} 69. Ra5 {[%clk 0:49:41]} Rf5+ {[%clk 0:09:41]} 70. Kb4
{[%clk 0:50:07]} Rf4+ {[%clk 0:10:06]} 71. Kc3 {[%clk 0:50:34]}  1-0

[Event "Summer Prague Open 2022 - A"]
[Site "Olympik hotel, Sokolovska 138, Praha"]
[Date "2022.08.12"]
[Round "9"]
[Board "2"]
[White "Lalic, Bogdan"]
[Black "Kaspi, Alexander"]
[Result "1/2-1/2"]
[WhiteElo "2415"]
[BlackElo "2412"]
[PlyCount "0"]
[EventDate "2022.08.05"]
[EventRounds "9"]
[EventCountry "CZE"]

1. d4 {[%clk 1:26:05]} d5 {[%clk 1:30:40]} 2. c4 {[%clk 1:26:25]} e6
{[%clk 1:31:04]} 3. Nf3 {[%clk 1:26:28]} c6 {[%clk 1:31:15]} 4. Bg5
{[%clk 1:26:35]} Be7 {[%clk 1:30:18]} 5. Bxe7 {[%clk 1:26:51]} Qxe7
{[%clk 1:30:33]} 6. Nbd2 {[%clk 1:25:41]} f5 {[%clk 1:30:51]} 7. e3
{[%clk 1:25:09]} Nf6 {[%clk 1:31:14]} 8. Be2 {[%clk 1:25:16]} O-O
{[%clk 1:25:16]} 9. O-O {[%clk 1:25:26]} Nbd7 {[%clk 1:15:58]} 10. Qc2
{[%clk 1:24:57]} Ne4 {[%clk 1:15:14]} 11. a3 {[%clk 1:19:45]} Ndf6
{[%clk 1:08:54]} 12. b4 {[%clk 1:14:54]} Nxd2 {[%clk 1:06:04]} 13. Qxd2
{[%clk 1:13:14]} Bd7 {[%clk 1:05:17]} 14. Ne5 {[%clk 1:08:57]} Rfc8
{[%clk 1:03:08]} 15. a4 {[%clk 1:07:44]} a6 {[%clk 1:01:57]} 16. Qb2
{[%clk 1:05:42]} Be8 {[%clk 1:02:06]} 17. c5 {[%clk 1:01:58]} Nd7
{[%clk 1:00:36]} 18. Nxd7 {[%clk 1:00:35]} Qxd7 {[%clk 0:56:42]} 19. Ra3
{[%clk 0:59:15]} Rcb8 {[%clk 0:55:53]} 20. Rb3 {[%clk 0:58:29]} Ra7
{[%clk 0:53:20]} 21. Qc3 {[%clk 0:47:58]} Rba8 {[%clk 0:48:45]} 22. Rfb1
{[%clk 0:45:25]} Qd8 {[%clk 0:48:29]} 23. h3 {[%clk 0:44:05]} Kf8
{[%clk 0:46:40]} 24. b5 {[%clk 0:43:41]} axb5 {[%clk 0:46:52]} 25. axb5
{[%clk 0:44:05]} Ra2 {[%clk 0:46:17]} 26. R3b2 {[%clk 0:39:31]} R2a3
{[%clk 0:45:45]} 27. Rb3 {[%clk 0:35:18]} Ra2 {[%clk 0:45:42]} 28. R3b2
{[%clk 0:32:56]} R2a3 {[%clk 0:45:35]}  1/2-1/2

[Event "Summer Prague Open 2022 - A"]
[Site "Olympik hotel, Sokolovska 138, Praha"]
[Date "2022.08.12"]
[Round "9"]
[Board "3"]
[White "Hrabusa, Matej"]
[Black "Zanan, Evgeny"]
[Result "0-1"]
[WhiteElo "2354"]
[BlackElo "2510"]
[PlyCount "0"]
[EventDate "2022.08.05"]
[EventRounds "9"]
[EventCountry "CZE"]

1. d4 {[%clk 1:30:57]} Nf6 {[%clk 1:20:47]} 2. c4 {[%clk 1:31:14]} g6
{[%clk 1:20:33]} 3. h4 {[%clk 1:31:20]} c5 {[%clk 1:18:27]} 4. d5
{[%clk 1:31:40]} e6 {[%clk 1:02:52]} 5. Nc3 {[%clk 1:30:08]} exd5
{[%clk 1:03:08]} 6. Nxd5 {[%clk 1:26:10]} Nxd5 {[%clk 1:00:17]} 7. Qxd5
{[%clk 1:26:25]} Nc6 {[%clk 0:57:28]} 8. Bg5 {[%clk 1:22:25]} Be7
{[%clk 0:55:46]} 9. O-O-O {[%clk 1:17:21]} O-O {[%clk 0:43:59]} 10. a3
{[%clk 1:12:17]} d6 {[%clk 0:42:55]} 11. Bxe7 {[%clk 1:10:15]} Qxe7
{[%clk 0:43:20]} 12. e3 {[%clk 1:00:29]} Na5 {[%clk 0:27:56]} 13. Nf3
{[%clk 0:50:08]} Be6 {[%clk 0:19:00]} 14. Qg5 {[%clk 0:36:50]} Bf5
{[%clk 0:14:13]} 15. Nd2 {[%clk 0:34:02]} f6 {[%clk 0:13:04]} 16. Qf4
{[%clk 0:32:01]} Rad8 {[%clk 0:08:29]} 17. h5 {[%clk 0:26:53]} Qe5
{[%clk 0:05:42]} 18. hxg6 {[%clk 0:25:48]} Bxg6 {[%clk 0:06:05]} 19. g3
{[%clk 0:24:27]} d5 {[%clk 0:04:07]} 20. Qxe5 {[%clk 0:21:03]} fxe5
{[%clk 0:04:31]} 21. f4 {[%clk 0:21:28]} d4 {[%clk 0:04:10]} 22. exd4
{[%clk 0:19:37]} Rxd4 {[%clk 0:04:35]} 23. b4 {[%clk 0:18:44]} Nc6
{[%clk 0:05:01]} 24. bxc5 {[%clk 0:15:58]} exf4 {[%clk 0:05:27]} 25. gxf4
{[%clk 0:16:21]} Rfxf4 {[%clk 0:05:30]} 26. Bh3 {[%clk 0:12:23]} Rf2
{[%clk 0:04:03]} 27. Rhf1 {[%clk 0:11:32]} Rh2 {[%clk 0:04:25]} 28. Bf5
{[%clk 0:09:48]} Bh5 {[%clk 0:03:30]} 29. Be6+ {[%clk 0:07:04]} Kg7
{[%clk 0:03:46]} 30. Nf3 {[%clk 0:05:56]} Rxd1+ {[%clk 0:04:10]} 31. Kxd1
{[%clk 0:06:18]} Ne5 {[%clk 0:03:03]} 32. Bd5 {[%clk 0:05:58]} Nxf3
{[%clk 0:01:58]} 33. Bxf3 {[%clk 0:06:13]} Rh1 {[%clk 0:02:24]} 34. Bxh5
{[%clk 0:03:34]} Rxf1+ {[%clk 0:02:49]} 35. Ke2 {[%clk 0:03:56]} Rf4
{[%clk 0:03:08]} 36. Kd3 {[%clk 0:04:09]} Rf5 {[%clk 0:03:31]}  0-1

[Event "Summer Prague Open 2022 - A"]
[Site "Olympik hotel, Sokolovska 138, Praha"]
[Date "2022.08.12"]
[Round "9"]
[Board "4"]
[White "Ranaldi, Lucas"]
[Black "Schmaltz, Roland"]
[Result "1-0"]
[WhiteElo "2339"]
[BlackElo "2470"]
[PlyCount "0"]
[EventDate "2022.08.05"]
[EventRounds "9"]
[EventCountry "CZE"]

1. Nf3 {[%clk 1:30:56]} c5 {[%clk 0:45:19]} 2. c4 {[%clk 1:31:11]} Nc6
{[%clk 0:45:45]} 3. Nc3 {[%clk 1:31:25]} g6 {[%clk 0:46:10]} 4. e3
{[%clk 1:31:34]} Nf6 {[%clk 0:46:28]} 5. d4 {[%clk 1:31:40]} cxd4
{[%clk 0:46:52]} 6. exd4 {[%clk 1:31:58]} d5 {[%clk 0:47:13]} 7. cxd5
{[%clk 1:31:51]} Nxd5 {[%clk 0:47:35]} 8. Qb3 {[%clk 1:32:11]} Nxc3
{[%clk 0:47:59]} 9. Bc4 {[%clk 1:32:25]} e6 {[%clk 0:48:10]} 10. bxc3
{[%clk 1:32:38]} Bg7 {[%clk 0:48:27]} 11. Ba3 {[%clk 1:31:33]} Na5
{[%clk 0:46:04]} 12. Bb5+ {[%clk 1:29:47]} Bd7 {[%clk 0:46:23]} 13. Qb4
{[%clk 1:25:54]} b6 {[%clk 0:43:35]} 14. Ne5 {[%clk 0:44:53]} Bxe5
{[%clk 0:40:28]} 15. dxe5 {[%clk 0:44:51]} Bxb5 {[%clk 0:40:45]} 16. Qxb5+
{[%clk 0:44:55]} Qd7 {[%clk 0:41:07]} 17. Qxd7+ {[%clk 0:35:24]} Kxd7
{[%clk 0:41:31]} 18. O-O-O+ {[%clk 0:35:16]} Ke8 {[%clk 0:39:28]} 19. Rd4
{[%clk 0:29:35]} Rc8 {[%clk 0:36:08]} 20. Rhd1 {[%clk 0:27:32]} Nc4
{[%clk 0:35:14]} 21. Bd6 {[%clk 0:25:12]} b5 {[%clk 0:35:31]} 22. a4
{[%clk 0:20:16]} a6 {[%clk 0:21:54]} 23. Kc2 {[%clk 0:17:57]} Kd7
{[%clk 0:11:59]} 24. axb5 {[%clk 0:17:52]} axb5 {[%clk 0:12:26]} 25. Ra1
{[%clk 0:14:13]} Kc6 {[%clk 0:12:46]} 26. Ra7 {[%clk 0:14:04]} Ra8
{[%clk 0:13:00]} 27. Rc7+ {[%clk 0:12:12]} Kb6 {[%clk 0:13:23]} 28. Rxf7
{[%clk 0:12:23]} Ra2+ {[%clk 0:12:54]} 29. Kd3 {[%clk 0:12:11]} Rha8
{[%clk 0:11:08]} 30. Rf6 {[%clk 0:11:50]} Rd2+ {[%clk 0:05:38]} 31. Ke4
{[%clk 0:12:18]} Re2+ {[%clk 0:05:53]} 32. Kf3 {[%clk 0:12:30]} Raa2
{[%clk 0:06:08]} 33. Kg3 {[%clk 0:11:55]} Rac2 {[%clk 0:02:09]} 34. Rxe6
{[%clk 0:09:44]} Rxc3+ {[%clk 0:02:34]} 35. f3 {[%clk 0:09:50]} Ka5
{[%clk 0:02:37]} 36. Bc7+ {[%clk 0:08:10]} Kb4 {[%clk 0:02:51]} 37. Rc6
{[%clk 0:07:41]} Rcc2 {[%clk 0:02:53]} 38. e6 {[%clk 0:07:46]} Rxg2+
{[%clk 0:02:17]} 39. Kf4 {[%clk 0:07:40]} Rce2 {[%clk 0:02:00]} 40. Re4
{[%clk 0:03:31]} Rxh2 {[%clk 0:02:20]} 41. Rcxc4+ {[%clk 0:29:06]} bxc4
{[%clk 0:32:44]} 42. e7 {[%clk 0:29:28]} Rxe4+ {[%clk 0:30:52]} 43. fxe4
{[%clk 0:29:45]} c3 {[%clk 0:31:12]} 44. e8=Q {[%clk 0:29:42]} c2
{[%clk 0:31:32]} 45. Qc6 {[%clk 0:28:58]}  1-0

[Event "Summer Prague Open 2022 - A"]
[Site "Olympik hotel, Sokolovska 138, Praha"]
[Date "2022.08.12"]
[Round "9"]
[Board "5"]
[White "Mirzoev, Azer"]
[Black "Mirimanian, Hayk"]
[Result "1-0"]
[WhiteElo "2435"]
[BlackElo "2228"]
[PlyCount "0"]
[EventDate "2022.08.05"]
[EventRounds "9"]
[EventCountry "CZE"]

1. c4 {[%clk 1:30:57]} e6 {[%clk 1:24:50]} 2. d4 {[%clk 1:31:14]} d5
{[%clk 1:24:12]} 3. cxd5 {[%clk 1:30:49]} exd5 {[%clk 1:24:35]} 4. Nc3
{[%clk 1:31:16]} Nf6 {[%clk 1:23:52]} 5. Bg5 {[%clk 1:31:37]} Be7
{[%clk 1:24:17]} 6. e3 {[%clk 1:31:59]} O-O {[%clk 1:19:45]} 7. Bd3
{[%clk 1:32:14]} Re8 {[%clk 1:18:45]} 8. Qc2 {[%clk 1:32:08]} h6 {[%clk 1:17:39]}
9. Bh4 {[%clk 1:32:30]} c6 {[%clk 1:05:58]} 10. Nge2 {[%clk 1:32:39]} Nbd7
{[%clk 0:59:50]} 11. h3 {[%clk 1:31:57]} Nb6 {[%clk 0:56:29]} 12. Bg3
{[%clk 1:28:20]} Bf8 {[%clk 0:54:53]} 13. O-O {[%clk 1:27:36]} Bd7
{[%clk 0:49:39]} 14. Rfc1 {[%clk 1:22:40]} Qe7 {[%clk 0:41:52]} 15. Bh2
{[%clk 1:18:18]} g6 {[%clk 0:41:43]} 16. Ng3 {[%clk 1:16:18]} h5 {[%clk 0:37:51]}
17. Rab1 {[%clk 1:16:12]} h4 {[%clk 0:35:49]} 18. Nf1 {[%clk 1:16:28]} Ne4
{[%clk 0:25:48]} 19. Re1 {[%clk 1:09:56]} Bg7 {[%clk 0:23:49]} 20. f3
{[%clk 1:09:25]} Nd6 {[%clk 0:23:39]} 21. Kh1 {[%clk 1:08:19]} Nf5
{[%clk 0:16:14]} 22. Qf2 {[%clk 1:07:31]} Rac8 {[%clk 0:12:02]} 23. Rbd1
{[%clk 1:07:33]} Rcd8 {[%clk 0:09:31]} 24. Bc7 {[%clk 1:02:32]} Rc8
{[%clk 0:08:11]} 25. Bf4 {[%clk 1:02:59]} Rcd8 {[%clk 0:05:03]} 26. Bxf5
{[%clk 1:02:38]} Bxf5 {[%clk 0:05:14]} 27. e4 {[%clk 1:03:01]} dxe4
{[%clk 0:02:52]} 28. fxe4 {[%clk 1:03:25]} Bc8 {[%clk 0:03:10]} 29. Nh2
{[%clk 1:03:15]} Qb4 {[%clk 0:02:37]} 30. Nf3 {[%clk 1:02:45]} Nc4
{[%clk 0:02:19]} 31. Bc1 {[%clk 1:02:07]} Nd6 {[%clk 0:00:33]} 32. Qxh4
{[%clk 1:00:41]} Nb5 {[%clk 0:00:41]} 33. Bg5 {[%clk 0:57:24]} Rd7
{[%clk 0:00:32]} 34. Nxb5 {[%clk 0:54:55]} Qxb5 {[%clk 0:01:01]} 35. e5
{[%clk 0:52:11]} Qxb2 {[%clk 0:00:31]} 36. Bf6 {[%clk 0:52:26]} Qb4
{[%clk 0:00:31]} 37. Ng5 {[%clk 0:48:08]}  1-0

[Event "Summer Prague Open 2022 - A"]
[Site "Olympik hotel, Sokolovska 138, Praha"]
[Date "2022.08.12"]
[Round "9"]
[Board "6"]
[White "Philipp, Mathias"]
[Black "Cernousek, Lukas"]
[Result "0-1"]
[WhiteElo "2092"]
[BlackElo "2429"]
[PlyCount "0"]
[EventDate "2022.08.05"]
[EventRounds "9"]
[EventCountry "CZE"]

1. e4 {[%clk 1:30:43]} c5 {[%clk 1:30:55]} 2. Nf3 {[%clk 1:31:09]} d6
{[%clk 1:31:20]} 3. Bb5+ {[%clk 1:31:13]} Nd7 {[%clk 1:31:43]} 4. O-O
{[%clk 1:31:37]} a6 {[%clk 1:31:35]} 5. Bd3 {[%clk 1:31:59]} Ngf6
{[%clk 1:29:33]} 6. Re1 {[%clk 1:32:16]} g6 {[%clk 1:29:31]} 7. c3
{[%clk 1:32:42]} Bg7 {[%clk 1:25:55]} 8. Bc2 {[%clk 1:32:13]} b5 {[%clk 1:26:05]}
9. d4 {[%clk 1:32:17]} cxd4 {[%clk 1:25:45]} 10. cxd4 {[%clk 1:31:25]} Bb7 11. a4
{[%clk 1:24:32]} O-O {[%clk 1:20:34]} 12. Bd2 {[%clk 1:23:01]} Qb6
{[%clk 1:06:28]} 13. a5 {[%clk 1:15:11]} Qc7 {[%clk 1:04:54]} 14. Bb4
{[%clk 1:15:25]} Rac8 {[%clk 1:02:30]} 15. Bd3 {[%clk 1:14:38]} Rfd8
{[%clk 0:57:31]} 16. Nc3 {[%clk 1:13:39]} Nc5 {[%clk 0:51:37]} 17. Bc2
{[%clk 1:13:05]} e5 {[%clk 0:43:01]} 18. d5 {[%clk 1:07:10]} Bh6 {[%clk 0:30:54]}
19. Ra3 {[%clk 1:04:43]} Qd7 {[%clk 0:22:19]} 20. h3 {[%clk 1:00:52]} Rc7
{[%clk 0:22:30]} 21. Nh2 {[%clk 0:59:02]} Nh5 {[%clk 0:19:46]} 22. Ng4
{[%clk 0:56:44]} Bg5 {[%clk 0:19:35]} 23. g3 {[%clk 0:54:18]} Bc8
{[%clk 0:13:33]} 24. Na2 {[%clk 0:49:39]} Kh8 {[%clk 0:03:32]} 25. Nh2
{[%clk 0:41:32]} Ng7 {[%clk 0:00:59]} 26. h4 {[%clk 0:41:35]} Bh6
{[%clk 0:00:40]} 27. Qe2 {[%clk 0:37:45]} f5 {[%clk 0:00:56]} 28. f3
{[%clk 0:37:03]} Qe7 {[%clk 0:00:43]} 29. Rf1 {[%clk 0:31:52]} Rf8
{[%clk 0:00:57]} 30. Be1 {[%clk 0:31:35]} Nh5 {[%clk 0:00:41]} 31. Rc3
{[%clk 0:31:04]} f4 {[%clk 0:00:36]} 32. g4 {[%clk 0:31:21]} Ng3 {[%clk 0:01:00]}
33. Qg2 {[%clk 0:30:57]} Nxf1 {[%clk 0:01:21]} 34. Nxf1 {[%clk 0:30:37]} Na4
{[%clk 0:01:26]} 35. Bxa4 {[%clk 0:27:36]} bxa4 {[%clk 0:01:45]} 36. Qc2
{[%clk 0:27:49]} Rxc3 {[%clk 0:01:11]} 37. Nxc3 {[%clk 0:28:13]} Bd7
{[%clk 0:01:01]} 38. Nxa4 {[%clk 0:28:20]} Rc8 {[%clk 0:01:19]} 39. Qb3
{[%clk 0:27:49]} Bb5 {[%clk 0:00:41]} 40. Nc3 {[%clk 0:27:37]} Bc4
{[%clk 0:00:39]} 41. Qb6 {[%clk 0:23:33]} Bf8 {[%clk 0:27:22]} 42. Nd2
{[%clk 0:52:21]} Bd3 {[%clk 0:27:39]} 43. Bf2 {[%clk 0:42:36]} Qd7
{[%clk 0:22:59]} 44. Kg2 {[%clk 0:41:53]} Be7 {[%clk 0:23:04]} 45. Qb4
{[%clk 0:41:42]} Kg7 {[%clk 0:07:17]} 46. Qa3 {[%clk 0:39:16]} Qb7
{[%clk 0:05:57]} 47. Bb6 {[%clk 0:39:13]} Bxh4 {[%clk 0:03:38]} 48. Qxd6
{[%clk 0:39:22]} Qe7 {[%clk 0:04:07]} 49. Qxe7+ {[%clk 0:32:49]} Bxe7
{[%clk 0:04:36]} 50. Nb3 {[%clk 0:32:48]} Kf7 {[%clk 0:03:00]} 51. Kh1
{[%clk 0:27:50]} Rc4 {[%clk 0:02:21]} 52. Nd2 {[%clk 0:27:40]} Rc8
{[%clk 0:02:08]} 53. Nb3 {[%clk 0:28:04]} h5 {[%clk 0:02:02]} 54. gxh5
{[%clk 0:25:44]} gxh5 {[%clk 0:02:31]} 55. Bg1 {[%clk 0:18:14]} h4
{[%clk 0:02:02]} 56. Na4 {[%clk 0:18:14]} Rc2 {[%clk 0:01:47]} 57. Nbc5
{[%clk 0:18:05]} Bf1 {[%clk 0:00:55]} 58. b4 {[%clk 0:14:52]} h3 {[%clk 0:00:45]}
59. Nd7 {[%clk 0:13:24]} Bg2+ {[%clk 0:00:59]} 60. Kh2 {[%clk 0:13:50]} Bh4
{[%clk 0:01:19]} 61. Nxe5+ {[%clk 0:14:11]} Kg7 {[%clk 0:01:23]}  0-1

[Event "Summer Prague Open 2022 - A"]
[Site "Olympik hotel, Sokolovska 138, Praha"]
[Date "2022.08.12"]
[Round "9"]
[Board "7"]
[White "Weishaeutel, Moritz"]
[Black "Roubalik, Jakub"]
[Result "1-0"]
[WhiteElo "2396"]
[BlackElo "2367"]
[PlyCount "0"]
[EventDate "2022.08.05"]
[EventRounds "9"]
[EventCountry "CZE"]

1. d4 {[%clk 1:31:20]} d5 {[%clk 1:30:46]} 2. Nc3 {[%clk 1:31:43]} Nf6
{[%clk 1:30:51]} 3. Bf4 {[%clk 1:31:43]} e6 {[%clk 1:25:28]} 4. e3
{[%clk 1:32:04]} Bd6 {[%clk 1:24:37]} 5. Bg3 {[%clk 1:31:09]} O-O
{[%clk 1:23:53]} 6. Bd3 {[%clk 1:29:56]} b6 {[%clk 1:17:36]} 7. Nb5
{[%clk 1:26:36]} Bxg3 {[%clk 1:13:17]} 8. hxg3 {[%clk 1:26:58]} h6
{[%clk 1:13:41]} 9. g4 {[%clk 1:20:33]} Ne4 {[%clk 1:04:32]} 10. Bxe4
{[%clk 1:12:50]} dxe4 {[%clk 1:04:53]} 11. g5 {[%clk 1:13:14]} Qxg5
{[%clk 0:49:54]} 12. Nxc7 {[%clk 1:12:18]} Qxg2 {[%clk 0:50:13]} 13. Qh5
{[%clk 1:12:09]} Na6 {[%clk 0:46:26]} 14. Nxa8 {[%clk 1:11:11]} Nb4
{[%clk 0:40:30]} 15. O-O-O {[%clk 1:10:03]} Qxf2 {[%clk 0:34:00]} 16. Qh2
{[%clk 1:03:08]} Qxe3+ {[%clk 0:12:24]} 17. Kb1 {[%clk 1:03:29]} Bb7
{[%clk 0:03:38]} 18. Nc7 {[%clk 1:03:41]} Rc8 {[%clk 0:03:16]} 19. a3
{[%clk 0:58:12]} Nc6 {[%clk 0:02:57]} 20. d5 {[%clk 0:55:59]} exd5
{[%clk 0:03:23]} 21. Nxd5 {[%clk 0:56:22]} Qc5 {[%clk 0:03:43]} 22. Nf6+
{[%clk 0:54:35]} Kh8 {[%clk 0:04:07]} 23. Qf4 {[%clk 0:54:43]} Qf8
{[%clk 0:03:50]} 24. Nd7 {[%clk 0:53:44]} Qg8 {[%clk 0:03:45]} 25. Ne2
{[%clk 0:53:27]} Ne7 {[%clk 0:03:47]} 26. Qe5 {[%clk 0:53:29]}  1-0